000 00303nam a22001337a 4500
008 181101b xxu||||| |||| 00| 0 eng d
020 _a9781933478197
041 _aeng
080 _a316
100 _a50
101 _aSOC
245 _aSocial Work in a Sustainable World
_cMary,N.L
942 _2udc
_cBK
999 _c51448
_d51448